España a través de los informes diplomáticos chilenos, 1929-1939

Guardat en:
Dades bibliogràfiques
Autors principals: Vargas, Juan eduardo (Autor), Couyoumdjian, Juan Ricardo (Autor), Duhart, Carmen Gloria (Autor), Valdivieso Fernández, Patricio (Autor)
Format: Llibre
Idioma:espanyol
Publicat: Santiago, Chile Pontificia Universidad Católica de Valparaíso 1994
Col·lecció:Colección Biblioteca de Historia de América, 10
Matèries:
Etiquetes: Afegir etiqueta
Sense etiquetes, Sigues el primer a etiquetar aquest registre!

MARC

LEADER 00000nam a2200000 a 4500
001 UCR5898
003 CL-VaPUC
005 20210813001816.0
008 980403e19940000CL |||||||||||||||||spa|d
999 |c 268240  |d 268238 
020 |a 9789562340171 
040 |c Pontificia Universidad Católica de Valparaíso 
082 0 4 |a 946.07 VAR 1994  |2 21 
100 0 |a Vargas, Juan eduardo  |e author  |9 406835 
245 1 0 |a España a través de los informes diplomáticos chilenos, 1929-1939 
260 |a Santiago, Chile  |b Pontificia Universidad Católica de Valparaíso  |c 1994 
300 |a 423 páginas 
490 0 |a Colección Biblioteca de Historia de América,  |v  10 
583 |a last modification  |c 20160912 11:37:05  |k Rodrigo Vera 
650 0 |a Historia siglo 20  |y SIGLO 20  |9 255736 
650 0 |a Guerra civil  |z ESPAÑA  |9 320243 
650 0 |a Monarquía   |z ESPAÑA  |9 255259 
650 0 |a Relaciones Exteriores  |z ESPAÑA  |z CHILE  |9 255379 
700 0 |a Couyoumdjian, Juan Ricardo  |e author  |9 406836 
700 0 |a Duhart, Carmen Gloria  |e author  |9 406837 
700 0 |a Valdivieso Fernández, Patricio  |e author  |9 406838 
852 |a BIBCUR 
942 |c BK  |2 ddc 
945 |d 19980403 00:00:00  |a rbrito 
952 |0 0  |1 0  |2 ddc  |4 0  |6 946_070000000000000_VAR_1994  |7 0  |8 A  |9 301223  |a BIBHIS  |b BIBHIS  |d 2019-11-20  |i 3398609  |o 946.07 VAR 1994  |p 3398609  |r 2025-01-20  |t 1  |w 2019-11-20  |y BK  |k HIS 
952 |0 0  |1 0  |2 ddc  |4 0  |6 946_070000000000000_VAR_1994  |7 0  |8 A  |9 301224  |a BIBHIS  |b BIBHIS  |d 2019-11-20  |i 2969572  |o 946.07 VAR 1994  |p 2969572  |r 2025-01-20  |t 2  |w 2019-11-20  |y BK  |k HIS 
952 |0 0  |1 0  |2 ddc  |4 0  |6 946_070000000000000_VAR_1994  |7 0  |8 A  |9 301225  |a BIBHIS  |b BIBHIS  |d 2019-11-20  |i 3053520  |o 946.07 VAR 1994  |p 3053520  |r 2025-01-20  |t 3  |w 2019-11-20  |y BK  |k HIS